000 06368nam a22004337a 4500
005 2010021004544.0
010 _aB-392177-195
020 _a8172011253
_c130.00
035 _aB-392177-195
037 _bनार्थ इंडिया पब्लिशर्स/VEN
082 _a821.08
245 _aप्रसाद रचना संचयन /
_cविष्णु प्रभाकर एवं रमेशचन्द्र शाह द्वारा संपादित
260 _aनई दिल्ली
_bसाहित्य अकादमी
_c2009
270 _aरवीन्द्र भवन, 35, फीरोजशाह मार्ग
_bनई दिल्ली
_e110001
300 _a584पृ
_c22सेमी (सजिल्द)
700 _aप्रभाकर, विष्णु
_923146
700 _aशाह, रमेशचन्द्र
_923147
942 _2ddc
_cHN
_mप्रसाद
_h821.08
999 _c33857
_d33857